000 00288nam a2200121 a 4500
008 101208s1955|||| d
245 1 0 _aLiterárne štúdie a portréty
100 1 _aPišút, Milan
260 _bSVKL
_aBratislava
_c1955
020 _c36
041 _aslo
044 _axo
_cSK
999 _c14934
_d14934